Rojo y negro : crónica del siglo XIX : Stendhal.

Detalles Bibliográficos
Autor principal: Stendhal 1783-1842
Formato: Libro
Lenguaje:español
Publicado: Barcelona, España Lumen 2001
Edición:1a. ed.
Colección:Palabra en el tiempo 297
Materias:
Acceso en línea:

MARC

LEADER 00000cam a2200000 a 4500
001 021374
003 UAHC_CL
005 20170803122000.0
008 020710b2001 sp 000 spa
020 |a 8426403018 
040 |a UAHC_CL  |c UAHC_CL  |d UAHC_CL 
100 1 |a Stendhal  |d 1783-1842 
245 1 0 |a Rojo y negro : crónica del siglo XIX :  |b Stendhal. 
250 |a 1a. ed. 
260 |b Lumen  |c 2001  |a Barcelona, España 
300 |a 619 p. 
490 0 |a Palabra en el tiempo  |v 297 
650 4 |a NOVELAS FRANCESAS 
653 |a COMPLEMENTARIA 
900 |a 843 STER 
942 |c BK 
952 |0 0  |1 0  |4 0  |6 843_000000000000000_STER  |7 0  |8 General  |9 42476  |a BR  |b BR  |c General  |d 2017-08-03  |l 2  |m 1  |o 843 STER  |p 1326536  |r 2026-01-13 00:00:00  |s 2024-04-22  |t 1  |w 2017-08-03  |y BK 
999 |c 21374  |d 21374